[Event "Olympiad Women 2024"]
[Site "Budapest HUN"]
[Date "2024.09.18"]
[Round "7.55"]
[Board "2"]
[White "Banda Natalie Katlo"]
[Black "Thomas, Nelissa"]
[Result "1-0"]
[WhiteElo "1893"]
[BlackElo "1631"]
[PlyCount "79"]
[EventDate "2024.09.11"]
[WhiteTeam "Botswana"]
[BlackTeam "Bahamas"]
[WhiteTeamCountry "BOT"]
[BlackTeamCountry "BAH"]

1. d4 d5 2. Nf3 e6 3. e3 f5 4. Ne5 Nf6 5. Nd2 ({RR} 5. Bd3 Bd6 6. f4 O-O 7. Nd2 Bd7 8. O-O Be8 9. c4 c6 10. Qb3 Qe7 11. Ndf3 Bh5 12. Bd2 Ne4 13. Be1 h6 14. Rc1 Kh7 15. Rc2 g5 16. a3 Rg8 17. Bb4 Bxb4 18. axb4 Bxf3 19. Rxf3 Nd7 {½-½ Guimard,C (2385)-Toth,C (2280) Porto Velho 1988 (2)}) 5... Bd6 6. Ndf3 Ne4 $146 ({RR} 6... O-O 7. c4 c6 8. Qc2 Nbd7 9. b3 Ne4 10. c5 Be7 11. b4 g5 12. Bb2 Ndf6 13. O-O-O Ng4 14. Nxg4 fxg4 15. Ne5 Rxf2 16. Be2 Qf8 17. Nxg4 Rxg2 18. Rdf1 Qg7 19. Rhg1 Rxg1 20. Rxg1 Bd7 21. Bf3 {1-0 Boutsioukis,D (1541)-Baumeister,W (1822) Berlin Unicorn op 2008 (7)}) ({RR} 6... O-O 7. Be2 Nbd7 8. c4 c6 9. Nxd7 Bxd7 10. O-O b6 11. b3 Ne4 12. Bb2 Rf6 13. Ne5 Rh6 14. f3 Ng5 15. f4 Ne4 16. Qe1 a5 17. Bf3 Bb4 18. Qe2 Be8 19. Bxe4 dxe4 20. c5 bxc5 21. a3 {0-1 Rubio Chanchay,O (1455)-Huallpa Fernandez,H South America-ch U14 17th 2022 (1)}) ({RR} 6... h6 7. b3 g5 8. Bb2 Nbd7 9. c4 c6 10. c5 Bc7 11. b4 g4 12. Nxd7 Qxd7 13. Nd2 Qg7 14. Qc2 O-O 15. O-O-O Bd7 16. Be2 Be8 17. f3 Bg6 18. Rdg1 g3 19. hxg3 Bxg3 20. Qc3 h5 21. f4 {0-1 Penas Merino,R (1440)-Fernandez Martinez,L (1566) Collado Villalba op-B 35th 2018 (2)}) ({RR} 6... O-O 7. Be2 Nbd7 8. O-O Ne4 9. c4 c6 10. Qc2 Qc7 11. Nd3 b6 12. b4 Ba6 13. c5 bxc5 14. bxc5 Be7 15. Bd2 Bf6 16. Bc3 Rab8 17. Rab1 g5 18. Nd2 Nxc3 19. Qxc3 e5 20. Rfe1 e4 21. Nb4 {0-1 Telenok,G-Faleev,I (2064) Vladivostok op 2010 (1)}) 7. a3 O-O 8. c4 c6 9. c5 Bc7 10. Bd3 Nd7 11. b4 Qf6 12. Nxd7 Bxd7 13. g3 Be8 14. Bb2 Qh6 15. Ne5 Bxe5 16. dxe5 g5 17. O-O g4 18. Bxe4 dxe4 19. Qb3 Bf7 20. b5 Be8 21. a4 Qg6 22. Rfd1 Rf7 23. Rd6 Re7 24. Rad1 Qf7 25. Rd8 Rxd8 26. Rxd8 Rd7 27. Ra8 cxb5 28. axb5 Rc7 29. Bd4 Qd7 30. Rxa7 Qd5 31. Qxd5 exd5 32. c6 Bxc6 33. bxc6 Rxc6 34. Rxb7 Re6 35. Rd7 h6 36. Rxd5 Kf7 37. Rd6 Ke7 38. Rxe6+ Kxe6 39. Kf1 Kd5 40. Ke2 1-0

[Event "Olympiad Women 2024"]
[Site "Budapest HUN"]
[Date "2024.09.18"]
[Round "7.55"]
[Board "3"]
[White "Johnson, Daijah"]
[Black "Mosweu, Atlang Amolemo"]
[Result "0-1"]
[WhiteElo "1625"]
[BlackElo "1797"]
[PlyCount "60"]
[EventDate "2024.09.11"]
[WhiteTeam "Bahamas"]
[BlackTeam "Botswana"]
[WhiteTeamCountry "BAH"]
[BlackTeamCountry "BOT"]

1. d4 d5 2. c4 e6 3. Nc3 Nf6 4. Bg5 Be7 5. Nf3 c6 6. cxd5 exd5 7. Bxf6 Bxf6 8. e3 O-O 9. h3 ({RR} 9. Bd3 Re8 10. Qc2 h6 11. h4 Bg4 12. O-O-O Nd7 13. Rde1 Rc8 14. Nh2 Be6 15. Kb1 c5 16. Nf3 cxd4 17. exd4 Qb6 18. Bf5 Bxd4 19. Nxd4 Qxd4 20. Bxe6 fxe6 21. Rd1 Qf6 22. Rhe1 Ne5 23. Qe2 Nc4 {0-1 Firouzja,A (2737)-Fedoseev,V (2685) Bullet Chess Winners 2024 (1.19)}) 9... Nd7 10. Bd3 Be7 11. O-O $146 ({RR} 11. Qc2 h6 12. O-O-O a5 13. Kb1 a4 14. Nxa4 Qa5 15. Nc3 b5 16. b3 Bb7 17. Bh7+ Kh8 18. Bf5 Nb6 19. Ne5 Bd6 20. Nd3 Bc8 21. Bg4 Ra7 22. Ne2 Bd7 23. Nc5 {½-½ Marginean,R (2175)-Efseev,D (2370) Centrocoop op 1997}) 11... f5 12. Qc2 g6 13. Rac1 Kg7 14. Ne2 Bd6 15. Nf4 Nf6 16. Ne1 Qe7 17. g3 Ne4 18. Ne2 Kh8 19. Ng2 Ng5 20. Nef4 Qg7 21. Qe2 Ne4 22. Bxe4 fxe4 23. h4 g5 24. hxg5 Qxg5 25. Qh5 Qg7 26. Qe2 Bg4 27. Qe1 Bf3 28. Ne6 Qh6 29. Nh4 Qxe6 30. Nxf3 exf3 0-1

[Event "Olympiad Women 2024"]
[Site "Budapest HUN"]
[Date "2024.09.18"]
[Round "7.56"]
[Board "1"]
[White "Quevedo, Andreina"]
[Black "Cadeau, Merisena"]
[Result "1-0"]
[WhiteElo "1851"]
[BlackElo "1671"]
[PlyCount "111"]
[EventDate "2024.09.11"]
[WhiteTeam "Uruguay"]
[BlackTeam "Haiti"]
[WhiteTeamCountry "URU"]
[BlackTeamCountry "HAI"]

1. e4 c5 2. Nf3 Nc6 3. Bb5 g6 4. Bxc6 bxc6 5. O-O Bg7 6. Re1 d5 ({RR} 6... Qc7 7. h3 d6 8. c3 f5 9. exf5 Bxf5 10. d4 cxd4 11. Nxd4 e5 12. f4 Ne7 13. fxe5 dxe5 14. Nxf5 Nxf5 15. Nd2 Nd6 16. Qf3 Rf8 17. Qd3 Rf7 18. Nc4 Nxc4 19. Qxc4 O-O-O 20. Be3 Rd5 21. a4 {1-0 Macieja,B (2616)-Kotanjian,T (2560) Lake Sevan Martuni 2007 (2)}) 7. d3 ({RR} 7. e5 e6 8. d3 h6 9. b3 Ba6 10. Nc3 Bb5 11. a4 Ba6 12. Ba3 Qb6 13. Rb1 Ne7 14. b4 cxb4 15. d4 c5 16. dxc5 Qxc5 17. Bxb4 Qc7 18. Nb5 Bxb5 19. axb5 O-O 20. Nd4 Rfe8 21. Qe2 Nc8 {1-0 Topal,H (1911)-Oruc,M (1453) Turkish Cup 2024 (1.32)}) 7... e6 8. c3 Qb6 $146 ({RR} 8... Ne7 9. Bf4 O-O 10. Nbd2 Qb6 11. Qc2 Ba6 12. Rab1 f6 13. e5 Bc8 14. exf6 Bxf6 15. Bg5 Bxg5 16. Nxg5 Rf6 17. Re2 h6 18. Ngf3 Bd7 19. Ne5 Qc7 20. Ndf3 Raf8 21. Rbe1 Bc8 22. h3 Nf5 23. Qd2 {1-0 Diaz,L (1667)-Shaw,L (1326) Wch U14 Girls 2017 (2)}) 9. Nbd2 Ba6 10. Qc2 Nf6 11. Nf1 O-O 12. h3 Rfd8 13. e5 Nd7 14. Bg5 Re8 15. N1h2 f5 16. exf6 Nxf6 17. Ne5 Bc8 18. Nhf3 Nd7 19. Nxd7 Bxd7 20. Ne5 Qc7 21. Bf4 Qd8 22. Qd2 Qe7 23. Qe3 Bxe5 24. Bxe5 Rf8 25. Qg3 Rf5 26. Bd6 Qf7 27. Bxc5 a6 28. a4 Re8 29. Bd4 Qe7 30. Be5 Qg5 31. Qxg5 Rxg5 32. g4 Rxe5 33. Rxe5 c5 34. Kg2 Rb8 35. Re2 a5 36. Kg3 Rb3 37. Ra3 Rb8 38. Kf4 Kf7 39. h4 h6 40. Ra1 Rb3 41. Ke5 Ke7 42. Ra2 Rb8 43. Kf4 Kd6 44. Ra1 Rf8+ 45. Kg3 Rb8 46. f4 Rg8 47. b3 Rb8 48. Rb2 Be8 49. Rab1 Kc7 50. b4 cxb4 51. cxb4 Bxa4 52. bxa5 Rxb2 53. Rxb2 Kc8 54. a6 Bc6 55. a7 Bb7 56. Rb6 1-0

[Event "Olympiad Women 2024"]
[Site "Budapest HUN"]
[Date "2024.09.18"]
[Round "7.56"]
[Board "2"]
[White "Jonet, Davena"]
[Black "Silva Rosas, Natalia"]
[Result "0-1"]
[WhiteElo "1659"]
[BlackElo "1868"]
[PlyCount "70"]
[EventDate "2024.09.11"]
[WhiteTeam "Haiti"]
[BlackTeam "Uruguay"]
[WhiteTeamCountry "HAI"]
[BlackTeamCountry "URU"]

1. d4 f5 2. Bf4 Nf6 3. e3 e6 4. Nf3 b6 5. Be2 Bb7 6. Nbd2 ({RR} 6. O-O Be7 7. h3 O-O 8. c4 Ne4 9. Nfd2 Nxd2 10. Nxd2 d6 11. Bf3 Bxf3 12. Nxf3 Nd7 13. Qa4 a5 14. Rfd1 Qe8 15. Qc6 Rc8 16. e4 Nf6 17. Qxe8 Rfxe8 18. exf5 exf5 19. d5 Nd7 20. b3 Bf6 {½-½ Shankland,S (2656)-Ivanchuk,V (2733) Edmonton 10th 2015 (4)}) 6... Bd6 7. Bxd6 cxd6 8. c3 ({RR} 8. c4 Nc6 9. h3 Rc8 10. a3 Ne7 11. O-O O-O 12. b4 Ng6 13. Qb3 Rc7 14. a4 Ne4 15. a5 Nh4 16. Nxe4 Nxf3+ 17. Bxf3 fxe4 18. Be2 d5 19. c5 bxc5 20. bxc5 d6 21. Rfc1 dxc5 22. Rxc5 Rxc5 {½-½ Rivera Negron,Y (1770)-Blackman,K (1691) Olympiad Women-44 2022 (7.1)}) 8... d5 $146 ({RR} 8... O-O 9. O-O Ne4 10. Bd3 d5 11. Ne5 d6 12. Nef3 Nd7 13. Bxe4 fxe4 14. Ne1 Qh4 15. g3 Qh3 16. Ng2 g5 17. Qa4 Nf6 18. Nb1 Ng4 19. Qc2 Qxh2# {0-1 Komar,V-Leonenko,M Bogdanovich Memorial Qual 3 blitz 2021 (10)}) 9. O-O O-O 10. c4 dxc4 11. Bxc4 Nc6 12. Re1 Ne4 13. Nxe4 fxe4 14. Nd2 d5 15. Be2 Qg5 16. f4 Qf6 17. Rf1 Rac8 18. a3 Ne7 19. Qb3 Nf5 20. Rad1 Qh4 21. g4 Nh6 22. g5 Nf5 23. Rf2 Qh3 24. Nf1 Nh4 25. Ng3 e5 26. dxe5 Kh8 27. Qa4 a5 28. Qb3 h6 29. gxh6 gxh6 30. Qxb6 Bc6 31. Qxa5 Rg8 32. Kh1 Rxg3 33. Bg4 Qxg4 34. Qd2 Nf3 35. Qe2 Rg1+ 0-1

[Event "Olympiad Women 2024"]
[Site "Budapest HUN"]
[Date "2024.09.18"]
[Round "7.56"]
[Board "3"]
[White "Cardozo, Camila"]
[Black "Dunat, Kineberlie"]
[Result "1-0"]
[WhiteElo "1673"]
[BlackElo "1582"]
[PlyCount "129"]
[EventDate "2024.09.11"]
[WhiteTeam "Uruguay"]
[BlackTeam "Haiti"]
[WhiteTeamCountry "URU"]
[BlackTeamCountry "HAI"]

1. d4 d5 2. Bf4 Nf6 3. e3 Bf5 4. c4 e6 5. Nc3 Bb4 6. Qb3 Nc6 7. Nf3 Qe7 ({RR} 7... O-O 8. Be2 Ne4 9. O-O Bxc3 10. bxc3 Na5 11. Qb4 Nxc4 12. Bxc4 dxc4 13. Qxc4 c5 14. Qb3 Qe7 15. h3 Rac8 16. Rfc1 h6 17. a4 Rfd8 18. a5 f6 19. Qb2 g5 20. Bh2 Bg6 21. Nd2 Nxd2 22. Qxd2 {1-0 Caruana,F (2764)-Nakamura,H (2775) Titled Tue 11th Apr Late 2023 (6)}) ({RR} 7... O-O 8. cxd5 Nxd5 9. Bg5 f6 10. Bh4 Na5 11. Qd1 Nxc3 12. bxc3 Bxc3+ 13. Nd2 Bxa1 14. Qxa1 Qd5 15. Be2 Qxg2 16. Bf3 Qh3 17. Bg3 Bg4 18. Be4 f5 19. Bd3 Qg2 20. Rf1 c5 21. Qc3 b6 22. dxc5 {0-1 Perez Gormaz,M (2384)-Vakhlamov,I (2413) Titled Tue 19th Mar Early 2024 (4)}) 8. a3 $146 ({RR} 8. c5 O-O 9. Bb5 Bxc3+ 10. Qxc3 Ne4 11. Qa3 a6 12. Bxc6 bxc6 13. O-O f6 14. Qa5 Ra7 15. Nh4 g5 16. Nxf5 exf5 17. Bg3 Rb8 18. b3 Rb5 19. Qe1 h5 20. h3 g4 21. Bf4 gxh3 22. gxh3 Qg7+ {1-0 Ruiz Escobar,I (1720)-Casado Cascajo,I (1452) Madrid Tajamar Easter op-B 2018 (1)}) 8... Bxc3+ 9. bxc3 Rb8 10. Be2 h6 11. h3 O-O 12. cxd5 Nxd5 13. Bg3 Na5 14. Qb5 b6 15. Qb2 b5 16. Nd2 Nf6 17. Qb4 Qxb4 18. axb4 Nc6 19. Bxc7 Rb7 20. Bg3 Rc8 21. O-O Ne4 22. Nxe4 Bxe4 23. Rfc1 Ra8 24. f3 Bd5 25. e4 Bb3 26. Rcb1 Ba4 27. Bd1 Bxd1 28. Rxd1 Rd8 29. d5 exd5 30. exd5 Ne7 31. d6 Nf5 32. Bh2 Ne3 33. Rd3 Nc4 34. Ra6 Rdd7 35. Rc6 f6 36. Rc7 Nxd6 37. Rxb7 Rxb7 38. Rxd6 Kf7 39. Kf2 Ke7 40. Rd5 Ke6 41. Rc5 Kf7 42. Rc7+ Rxc7 43. Bxc7 Ke6 44. Ke3 Kd5 45. Kd3 f5 46. g4 Ke6 47. f4 g6 48. gxf5+ Kxf5 49. Kd4 g5 50. fxg5 Kxg5 51. Bd8+ Kf5 52. Kc5 Ke6 53. Kxb5 Kd7 54. Bf6 Kc7 55. Ka6 Kb8 56. c4 Ka8 57. c5 h5 58. c6 h4 59. Kb5 Kb8 60. Be5+ Ka8 61. c7 Kb7 62. Kc5 Kc8 63. Kd6 a6 64. Bf6 a5 65. bxa5 1-0

[Event "Olympiad Women 2024"]
[Site "Budapest HUN"]
[Date "2024.09.18"]
[Round "7.56"]
[Board "4"]
[White "Belgarde, Roudena"]
[Black "Altesor, Caterina"]
[Result "1/2-1/2"]
[WhiteElo "1540"]
[BlackElo "1741"]
[PlyCount "128"]
[EventDate "2024.09.11"]
[WhiteTeam "Haiti"]
[BlackTeam "Uruguay"]
[WhiteTeamCountry "HAI"]
[BlackTeamCountry "URU"]

1. e4 e5 2. Nf3 Nc6 3. Bc4 Bc5 4. d3 d6 5. h3 h6 6. Nc3 Nf6 7. Na4 Bb6 8. Nxb6 axb6 9. a3 O-O ({RR} 9... Be6 10. Bxe6 fxe6 11. c3 O-O 12. O-O Qe8 13. Be3 Ne7 14. g3 Qb5 15. b3 Rf7 16. Kg2 Raf8 17. c4 Qd7 18. b4 Nxe4 19. Nxe5 dxe5 20. dxe4 Qc6 21. Qc2 Nf5 22. b5 Nxe3+ 23. fxe3 Qc5 24. Qd3 {0-1 Alekseenko,K (2687)-Duda,J (2731) chess.com SpeedChess Q2Sw 2022 (5)}) 10. O-O Be6 11. Ba2 ({RR} 11. Qe2 Bxc4 12. dxc4 Nd7 13. Be3 Nc5 14. Bxc5 bxc5 15. Qd3 Qd7 16. Nh4 g6 17. Rad1 Kh7 18. Kh2 Qe6 19. g4 Ra4 20. b3 Rxa3 21. Ng2 Nd4 22. Ne3 c6 23. Kg2 Qf6 24. f3 Qf4 25. Qd2 Ra2 {0-1 Plotkin,V (2264)-Olafsson,H (2466) World Senior Teams +50 2024 (6.1)}) 11... Bxa2 $146 ({RR} 11... Ne7 12. Nh4 g5 13. Qf3 Kg7 14. Nf5+ Nxf5 15. exf5 Bxa2 16. Rxa2 c6 17. Qe3 Nd5 18. Qd2 Qd7 19. h4 Qxf5 20. hxg5 hxg5 21. Qxg5+ Qxg5 22. Bxg5 Nb4 23. Raa1 Nxc2 24. Rac1 Nd4 25. Rfe1 f6 26. Be3 {½-½ Tumanova,L-Aksanova,D RUS-ch U14 Girls 2000}) ({RR} 11... Qd7 12. Bxe6 fxe6 13. Nh2 Qf7 14. f4 exf4 15. Bxf4 Qg6 16. Qd2 e5 17. Be3 Nd7 18. Rf3 Rxf3 19. Nxf3 Rf8 20. Rf1 Nc5 21. Nh4 Rxf1+ 22. Kxf1 Qf6+ 23. Qf2 Qxf2+ 24. Kxf2 Ne6 25. g3 Ned4 26. c3 {½-½ Akhunova,S-Khalikova,D Sterlitamak op 2010 (8)}) 12. Rxa2 b5 13. Be3 b4 14. Qa1 bxa3 15. Rxa3 Nb4 16. Rc1 Re8 17. Bd2 Na6 18. c4 Nc5 19. Ne1 Nb3 20. Rxa8 Qxa8 21. Qxa8 Rxa8 22. Rd1 Nd7 23. Bc3 Ndc5 24. Nc2 Kf8 25. f3 Ke8 26. d4 Na4 27. Be1 exd4 28. Nb4 Kd7 29. Bf2 c6 30. Rd3 Nac5 31. Rd1 Ra4 32. Nc2 Rxc4 33. Nxd4 Nxd4 34. Bxd4 Ne6 35. Be5 f6 36. Bxd6 Rd4 37. Rxd4 Nxd4 38. Bf8 Ne6 39. Bb4 c5 40. Bc3 c4 41. Kf2 b5 42. Ke3 Kc6 43. Bb4 Nc7 44. Kf4 g6 45. Bc3 Ne8 46. Bb4 Nc7 47. Bc3 Ne8 48. Kg4 Kc5 49. Bd2 h5+ 50. Kf4 Nc7 51. g4 Ne6+ 52. Ke3 hxg4 53. hxg4 b4 54. f4 Nc7 55. f5 gxf5 56. exf5 Nd5+ 57. Ke4 c3 58. bxc3 bxc3 59. Bc1 Kc4 60. g5 fxg5 61. Bxg5 c2 62. Ke5 Kc5 63. Bc1 Kc6 64. Ke6 Kc5 1/2-1/2

[Event "Olympiad Women 2024"]
[Site "Budapest HUN"]
[Date "2024.09.18"]
[Round "7.57"]
[Board "1"]
[White "Shipindo, Rauha"]
[Black "Bwalya Mulwale, Lubuuto"]
[Result "0-1"]
[WhiteElo "1677"]
[BlackElo "1852"]
[PlyCount "164"]
[EventDate "2024.09.11"]
[WhiteTeam "Namibia"]
[BlackTeam "Zambia"]
[WhiteTeamCountry "NAM"]
[BlackTeamCountry "ZAM"]

1. e4 c6 2. Nc3 d5 3. Nf3 dxe4 4. Nxe4 Nd7 5. Bc4 Ngf6 6. Qe2 e6 7. d4 Nxe4 8. Qxe4 Nf6 9. Qe2 Bd6 10. O-O Qc7 $146 ({RR} 10... O-O 11. Bg5 h6 12. Bh4 c5 13. Rad1 Qc7 14. Bxf6 gxf6 15. g3 b6 16. d5 e5 17. Nh4 Re8 18. Qe4 Kg7 19. Bd3 Rh8 20. c4 Bd7 21. Kg2 Qc8 22. Rfe1 Bh3+ 23. Kg1 Bg4 24. f3 Bd7 25. Nf5+ {½-½ Feliksinski,T (1786)-Kwiatkowski,Z (1613) Polanica Zdroj op-B 47th 2011 (6)}) ({RR} 10... O-O 11. Bg5 b5 12. Bd3 Bb7 13. c3 Qc7 14. Rfe1 Nd5 15. Qe4 g6 16. Bh6 Rfe8 17. Qh4 a6 18. Ne5 c5 19. Ng4 c4 20. Be4 Be7 21. Bg5 Qd8 22. Nh6+ Kg7 23. Nxf7 Bxg5 24. Nxd8 Bxh4 25. Nxb7 {1-0 Moenster,M (1956)-Rempe,M (1619) GER-chT U20 Girls 2019 (1.5)}) 11. Bd2 O-O 12. Bg5 Be7 13. c3 Rd8 14. Rad1 Bd7 15. Ne5 b5 16. Bb3 Be8 17. Rfe1 a5 18. a4 c5 19. axb5 cxd4 20. c4 h6 21. Bf4 Bb4 22. Rf1 a4 23. Bc2 a3 24. bxa3 Rxa3 25. Ra1 Rxa1 26. Rxa1 Bc3 27. Ra6 Qb7 28. Bd3 Rc8 29. Qa2 Nh5 30. Bd2 Bxd2 31. Qxd2 Qb8 32. Nf3 e5 33. g3 Bd7 34. Qe2 Re8 35. Be4 Nf6 36. Ra8 Qc7 37. Rxe8+ Bxe8 38. Bd3 Nd7 39. Nxd4 Nc5 40. Nf3 f6 41. Bc2 Bf7 42. Nd2 Ne6 43. Nb3 Nd8 44. Bd3 Nb7 45. Qc2 Kf8 46. Kf1 Ke7 47. Ke2 f5 48. Bxf5 Qxc4+ 49. Qd3 Qxd3+ 50. Bxd3 Bxb3 51. Ke3 Nd6 52. b6 Bd5 53. Ba6 Kf6 54. h4 Kf5 55. f3 Kf6 56. Kf2 Ke6 57. g4 g5 58. hxg5 hxg5 59. Ke2 Kd7 60. Ke3 Kc6 61. b7 Nxb7 62. Be2 Kc5 63. Kd3 Nd6 64. Kc3 Bc4 65. Bd1 Nb5+ 66. Kd2 Kd4 67. Bc2 Nc3 68. Bh7 Be2 69. Be4 Nxe4+ 70. Kxe2 Nf6 71. Kd2 Nd5 72. Ke2 Kc3 73. Ke1 Kd3 74. Kf2 Nf4 75. Kg3 Ke3 76. Kh2 Kxf3 77. Kg1 e4 78. Kf1 e3 79. Ke1 Ng2+ 80. Kf1 e2+ 81. Kg1 e1=Q+ 82. Kh2 Nh4 0-1

[Event "Olympiad Women 2024"]
[Site "Budapest HUN"]
[Date "2024.09.18"]
[Round "7.57"]
[Board "2"]
[White "Likando Namakau"]
[Black "Beukes Jamie-Nicole"]
[Result "1/2-1/2"]
[WhiteElo "1746"]
[BlackElo "1735"]
[PlyCount "156"]
[EventDate "2024.09.11"]
[WhiteTeam "Zambia"]
[BlackTeam "Namibia"]
[WhiteTeamCountry "ZAM"]
[BlackTeamCountry "NAM"]

1. e4 c5 2. Nf3 e6 3. d4 cxd4 4. Nxd4 a6 5. Bc4 Nf6 6. Qe2 ({RR} 6. Nc3 b5 7. Bb3 b4 8. Na4 Nxe4 9. O-O d5 10. Be3 Bb7 11. Qh5 Nf6 12. Qg5 Nbd7 13. Rad1 Ne4 14. Qg4 h5 15. Qe2 Be7 16. Rfe1 g6 17. Bc1 Qc7 18. a3 bxa3 19. bxa3 O-O 20. Bb2 Bh4 {½-½ Skatchkov,P (2295)-Prokopchuk,E (2450) RUS-ch U20 Ekaterinburg 1996 (5)}) 6... Bc5 $146 ({RR} 6... d5 7. exd5 Nxd5 8. O-O Bc5 9. Rd1 O-O 10. Nb3 Ba7 11. Bd3 Qf6 12. c4 Nf4 13. Qf3 Nxd3 14. Qxf6 gxf6 15. Rxd3 Kh8 16. Bh6 Rg8 17. Nc3 Nd7 18. Rad1 Rg6 19. Bf4 e5 20. Be3 Nb6 21. Bxb6 {0-1 Reiter,L (2026)-Kustar,S (2380) Veszprem op 6th 2000 (1)}) ({RR} 6... b5 7. Bb3 Bb7 8. f3 Bc5 9. Be3 Qb6 10. c3 O-O 11. Nd2 Nc6 12. Nc2 Rfe8 13. O-O-O a5 14. Bxc5 Qxc5 15. Qe3 Qe7 16. a4 b4 17. c4 d6 18. Nd4 Nxd4 19. Qxd4 Nd7 20. Bc2 Nc5 21. Nb3 {0-1 Fonseca Pinto,C (2031)-Castillo,R (1956) COL-chT Ibague 2018 (3.4)}) ({RR} 6... b5 7. Bb3 Bb7 8. Nd2 Nc6 9. Nxc6 dxc6 10. c3 Qc7 11. Nf3 c5 12. Bc2 c4 13. Bg5 Nd7 14. Nd4 g6 15. O-O Bd6 16. g3 h6 17. Be3 Nc5 18. Nf3 e5 19. Bxc5 Qxc5 20. b3 O-O 21. bxc4 {0-1 Rasmussen,P-Estimo,N Manila Meralco 1968 (3)}) ({RR} 6... Qa5+ 7. Nc3 b5 8. Bb3 Bb7 9. O-O b4 10. Nd5 Nxd5 11. exd5 Bxd5 12. Qh5 Nc6 13. Be3 Be4 14. Qg4 Nxd4 15. Qxe4 Nc6 16. Rad1 Be7 17. Rfe1 d5 18. Bxd5 exd5 19. Rxd5 Qc7 20. Bf4 Qb7 21. Bd6 {0-1 Rauch,U-Costa,J (2395) Verbandsliga Sued Baden 9899 1998 (8.1)}) 7. Nb3 Ba7 8. Bg5 d6 9. Nc3 b5 10. Bd3 Nc6 11. a3 Bb7 12. O-O O-O 13. Kh1 Rc8 14. f4 h6 15. Bh4 Bb8 16. Rad1 Kh8 17. e5 dxe5 18. fxe5 Bxe5 19. Bxb5 Qc7 20. Bd3 Ne7 21. Bxf6 Bxf6 22. Na4 Rfd8 23. Nac5 Bd5 24. Bxa6 Rb8 25. c4 Bc6 26. a4 Bxa4 27. Rxd8+ Qxd8 28. Nxa4 Rxb3 29. Bb5 Qd4 30. Rd1 Qe3 31. Qxe3 Rxe3 32. c5 Bxb2 33. g3 Be5 34. Rd8+ Kh7 35. Rd7 Bf6 36. c6 Re1+ 37. Kg2 Rc1 38. c7 g6 39. Ba6 Kg7 40. Rxe7 Bxe7 41. c8=Q Rxc8 42. Bxc8 Kf6 43. Nc3 Ke5 44. Bd7 f5 45. Be8 g5 46. Ne2 Ke4 47. Bd7 e5 48. Nc3+ Kd4 49. Nd1 f4 50. gxf4 gxf4 51. Kf3 Bd6 52. Bf5 Be7 53. h3 h5 54. Nf2 Bh4 55. Ne4 Be7 56. Bg6 h4 57. Nf2 Bd8 58. Ng4 Bg5 59. Bf5 Kd5 60. Nf2 Kd4 61. Ne4 Be7 62. Nd2 Kd5 63. Nb3 Bd8 64. Bg6 Bc7 65. Bf7+ Kd6 66. Ke4 Bd8 67. Nd2 Bf6 68. Nc4+ Ke7 69. Bd5 Kf8 70. Nxe5 Bxe5 71. Kxe5 Kg7 72. Kxf4 Kh6 73. Kg4 Kg6 74. Kxh4 Kh6 75. Kg4 Kg6 76. h4 Kh6 77. Be4 Kg7 78. Kg5 Kh8 1/2-1/2

[Event "Olympiad Women 2024"]
[Site "Budapest HUN"]
[Date "2024.09.18"]
[Round "7.57"]
[Board "3"]
[White "Nepando, Jolly"]
[Black "Mbatha, Constance"]
[Result "0-1"]
[WhiteElo "1642"]
[BlackElo "1799"]
[PlyCount "126"]
[EventDate "2024.09.11"]
[WhiteTeam "Namibia"]
[BlackTeam "Zambia"]
[WhiteTeamCountry "NAM"]
[BlackTeamCountry "ZAM"]

1. e4 e5 2. Nf3 Nc6 3. Bb5 Nf6 4. Nc3 d6 5. d4 Bd7 6. Bg5 Be7 7. Bxc6 Bxc6 8. dxe5 Nxe4 9. Bxe7 Qxe7 10. Nd5 $146 ({RR} 10. O-O Nxc3 11. bxc3 O-O 12. exd6 cxd6 13. Re1 Qf6 14. Re3 Rfe8 15. Rd3 Re6 16. Qd2 Qg6 17. Re3 Rxe3 18. Qxe3 Re8 19. Nh4 Qg4 20. Qg3 Qe2 21. f3 Qxc2 22. Re1 Qxc3 23. Rxe8+ Bxe8 24. h3 Qa1+ {½-½ Pham Nguyen Hai,A-Nguyen Huy Mai,T VIE-ch U09 Girls 2002 (1)}) ({RR} 10. Nxe4 Bxe4 11. exd6 Qxd6 12. O-O O-O 13. h3 Qc6 14. Nd4 Qb6 15. b3 Rad8 16. c3 c5 17. Qe2 Rfe8 18. f3 Bg6 19. Qb2 cxd4 20. c4 d3+ 21. Kh1 Re2 22. Qc3 Qe3 23. Rad1 d2 24. Qxe3 Rxe3 {0-1 Nunez de Jaime,B-Cumpian Munoz,A Malaga Club Trebejos-ch Social 2000 (8)}) 10... Qd8 11. Qd4 Nc5 12. exd6 Ne6 13. Nxc7+ Qxc7 14. dxc7 Nxd4 15. Nxd4 Kd7 16. Nxc6 Rhe8+ 17. Kd2 Kxc6 18. Rad1 Kxc7 19. Rhe1 g6 20. Re3 Rad8+ 21. Rd3 f5 22. Rxd8 Rxd8+ 23. Ke2 Re8+ 24. Kf3 h6 25. h3 Re4 26. g4 g5 27. Rd5 Rf4+ 28. Kg3 fxg4 29. hxg4 Rf6 30. Rd3 a6 31. Rf3 Rd6 32. b3 b5 33. a3 Kb6 34. b4 Rc6 35. c3 Rd6 36. Re3 Rf6 37. Re4 Rc6 38. Re3 Rf6 39. f3 Kc6 40. Re5 Kb6 41. Rc5 Rd6 42. Rf5 Rc6 43. Rc5 Rxc5 44. bxc5+ Kxc5 45. f4 gxf4+ 46. Kxf4 Kc4 47. Kf5 Kxc3 48. Kg6 Kb3 49. Kxh6 Kxa3 50. g5 b4 51. g6 b3 52. g7 b2 53. g8=Q b1=Q 54. Qg3+ Ka4 55. Qg4+ Ka5 56. Qg5+ Qb5 57. Qd2+ Kb6 58. Qd8+ Ka7 59. Qe7+ Qb7 60. Qxb7+ Kxb7 61. Kg5 a5 62. Kf4 a4 63. Ke3 a3 0-1

[Event "Olympiad Women 2024"]
[Site "Budapest HUN"]
[Date "2024.09.18"]
[Round "7.57"]
[Board "4"]
[White "Mwale, Naomi"]
[Black "Van Wyk, Keisha C"]
[Result "1-0"]
[WhiteElo "1767"]
[BlackElo "1599"]
[PlyCount "91"]
[EventDate "2024.09.11"]
[WhiteTeam "Zambia"]
[BlackTeam "Namibia"]
[WhiteTeamCountry "ZAM"]
[BlackTeamCountry "NAM"]

1. e4 c5 2. Nf3 d6 3. Nc3 a6 4. a4 e5 ({RR} 4... Bg4 5. Be2 Nc6 6. Ng5 Bxe2 7. Nxe2 h6 8. Nf3 Nf6 9. Ng3 h5 10. d3 h4 11. Ne2 h3 12. g3 d5 13. e5 Ng4 14. e6 fxe6 15. Nf4 e5 16. Ne6 Qd6 17. Nfg5 Nf6 18. O-O Nd8 19. Nxd8 {1-0 Zhao,J (2610)-Zhou,J (2574) CHN-chT China 2014 (18.3)}) 5. d3 $146 ({RR} 5. Bc4 Be6 6. d3 Be7 7. Nd5 Nc6 8. c3 h6 9. O-O Nf6 10. Ne1 O-O 11. f4 exf4 12. Bxf4 Ne5 13. Bb3 Ng6 14. Bd2 Rc8 15. a5 Kh7 16. Nc2 Ne5 17. Bf4 Nxd5 18. Bxd5 Bxd5 19. exd5 Ng6 {0-1 Mukabi,J (2083)-Al Hadarani,H (2323) Olympiad-37 Turin 2006 (2)}) ({RR} 5. Bc4 Be7 6. d3 Nf6 7. Ng5 O-O 8. f4 exf4 9. Bxf4 Nc6 10. Qd2 Nd4 11. O-O h6 12. Nf3 Be6 13. Nxd4 cxd4 14. Nd5 Bxd5 15. Bxd5 Nxd5 16. exd5 Rc8 17. Rae1 Bg5 18. Re4 Bxf4 19. Rexf4 Qg5 {0-1 Martinez Fernandez,A (2404)-Arias,J (2339) Titled Tue 23rd Apr Late 2024 (8)}) ({RR} 5. Bc4 Nf6 6. h3 Be7 7. O-O b6 8. d3 Bb7 9. Bg5 O-O 10. Nh4 h6 11. Bxf6 Bxf6 12. Nf5 Nc6 13. Nd5 Nd4 14. Nxd4 exd4 15. Qf3 Bxd5 16. Bxd5 Rb8 17. b3 b5 18. Qe2 Qd7 19. Ra2 Be5 {1-0 Trumpa,J (1520)-Baisakow,C (1302) Niedersachsen-ch U16 2008 (5)}) ({RR} 5. Bc4 Nc6 6. h3 g6 7. d3 h6 8. O-O Bg7 9. Be3 Nge7 10. Nh2 O-O 11. f4 exf4 12. Rxf4 Ne5 13. Bb3 Kh7 14. Nd5 f5 15. c3 g5 16. Rf1 f4 17. Nxe7 Qxe7 18. Bc1 Kh8 19. Bc2 Nc6 {0-1 Babits,A (2260)-Nagy,Z (2250) HUN-chT2 9495 1994}) 5... Nf6 6. Bg5 Be6 7. Be2 Be7 8. O-O Nbd7 9. h3 d5 10. Bxf6 Nxf6 11. Nxe5 Qc7 12. Nf3 d4 13. Nb1 h6 14. Nh2 Bd6 15. Ng4 Nh5 16. e5 Be7 17. f4 Ng3 18. Rf3 Nf5 19. c4 h5 20. Nh2 g5 21. Qd2 Rg8 22. Rf2 h4 23. Bg4 Ne3 24. f5 Bc8 25. e6 Nxg4 26. exf7+ Kxf7 27. Nxg4 Bd6 28. Nh6+ Kf8 29. Nxg8 Bf4 30. Qe2 Be3 31. Nh6 Bd7 32. Kh1 Qg3 33. Rf3 Qd6 34. f6 Bc6 35. Na3 Re8 36. Raf1 Bf4 37. Qd1 Bxf3 38. Qxf3 Qd7 39. Qh5 Re3 40. Ng4 Re2 41. Qh8+ Kf7 42. Qg7+ Ke6 43. Qxd7+ Kxd7 44. f7 Ke7 45. Nh6 g4 46. Nxg4 1-0